01072nam a2200277 a 4500001001000000003000900010005001700019007001000036008004100046040002200087092001600109100003500125245006500160260007200225300002100297490004700318504002800365830004700393930004000440942001200480952010500492952010400597956003900701956003900740999001500779000034020DO-SdBNP20150213145043.0000034020110921s2000 dr a 000 0 spa d aBPMETbspacBPMET axxxxbA473i1 aÁlvarez Rey, Avelino,d1937-10aIntroducción a la numismática. /cAvelino Álvarez Rey. aSanto Domingo :bBanco Central de la República Dominicana,c2000. a141 p. ;c24 cm.1 aBanco Central de la República Dominicana aBibliografía : p. 141 0aBanco Central de la República Dominicana 1lBND01mLF1820110921f01pHDg30008 2ddccBK 00102ddc40708DOMaBPMETbBPMETd2015-02-13l0pBPMET15041203r2015-02-13t1 ej. w2015-02-13yBK 00102ddc40708DOMaBPMETbBPMETd2015-02-13l0pBPMET15041204r2015-02-13t2 ej.w2015-02-13yBK aNMORDANb10c20110921lBND01h1107 aARIVERAb10c20110921lBND01h1556 c7392d7392